Cloud computing στην ηλεκτρονική διακυβέρνηση : ζητήματα ασφάλειας και ιδιωτικότητας : πτυχιακή εργασία

Το θέμα που πραγματεύεται η διπλωματική εργασία έχει να κάνει με την εφαρμογή της υπολογιστικής νέφους στην ηλεκτρονική διακυβέρνηση. Η διπλωματική εργασία έχει προσεγγιστεί πολύπλευρα, με αναφορά σε θέματα ασφάλειας, ιδιωτικότητας, οικονομικών και του νομικού πλαισίου σε Αμερική, Ευρώπη και Αμερική...

Πλήρης περιγραφή

Αποθηκεύτηκε σε:
Λεπτομέρειες βιβλιογραφικής εγγραφής
Κύριος συγγραφέας: Τόπα, Ιωάννα Αικατερίνη
Συγγραφή απο Οργανισμό/Αρχή: Πανεπιστήμιο Αιγαίου. Σχολή Θετικών Επιστημών. Τμήμα Μηχανικών Πληροφοριακών και Επικοινωνιακών Συστημάτων
Άλλοι συγγραφείς: Μήτρου, Λίλιαν (dgsf)
Μορφή: Thesis Βιβλίο
Γλώσσα:Greek
Δημοσίευση: 2012.
Θέματα:
Διαθέσιμο Online:http://hdl.handle.net/11610/8688
Ετικέτες: Προσθήκη ετικέτας
Δεν υπάρχουν, Καταχωρήστε ετικέτα πρώτοι!

MARC

LEADER 00000cam a2200000 i 4500
001 1/31916
008 130618s2012 gr | ||| |||| ||gre||
035 |l 10114823 
040 |a GR-MyUA  |b gre  |e AACR2 
041 0 |a gre 
082 0 |a 005.8  |2 (22) 
100 1 |a Τόπα, Ιωάννα Αικατερίνη. 
245 1 0 |a Cloud computing στην ηλεκτρονική διακυβέρνηση :   |b ζητήματα ασφάλειας και ιδιωτικότητας : πτυχιακή εργασία /   |c Ιωάννα Αικατερίνη Τόπα ; επιβλέπουσα καθηγήτρια Ε. Μήτρου.  
260 |c 2012.  
300 |a 122 σ. :   |b είκ. ;   |c 30 εκ.  
502 |a Πτυχιακή εργασία – Πανεπιστήμιο Αιγαίου, Σάμος, 2012.  
504 |a Βιβλιογραφία: σ. 118-122.  
506 1 |a Διάθεση πλήρους κειμένου ;   |d Ενδοπανεπιστημιακή δημοσίευση.  
520 |a Το θέμα που πραγματεύεται η διπλωματική εργασία έχει να κάνει με την εφαρμογή της υπολογιστικής νέφους στην ηλεκτρονική διακυβέρνηση. Η διπλωματική εργασία έχει προσεγγιστεί πολύπλευρα, με αναφορά σε θέματα ασφάλειας, ιδιωτικότητας, οικονομικών και του νομικού πλαισίου σε Αμερική, Ευρώπη και Αμερική. Έχει πραγματοποιηθεί μια ανάλυση σε ήδη υπάρχουσες εφαρμογές σε άλλες χώρες του κόσμου, όπως επίσης έχει καταρτιστεί μια πλήρης στρατηγική για κυβερνήσεις και δημόσιους Οργανισμούς που επιθυμούν να μεταφέρουν τα δεδομένα και τις υπηρεσίες τους στο νέφος. 
540 |a Κλειδωμένη η δυνατότητα αντιγραφής (copy) του κειμένου.  
610 2 0 |a University of the Aegean  |x Dissertations. 
650 0 0 |a Cloud computing  |x Security measures. 
650 0 0 |a Data protection  |x Goverment policy. 
650 0 0 |a Dissertations, Academic  |z Greece. 
700 1 |a Μήτρου, Λίλιαν,  |e dgsf 
710 2 |a Πανεπιστήμιο Αιγαίου.   |b Σχολή Θετικών Επιστημών.   |b Τμήμα Μηχανικών Πληροφοριακών και Επικοινωνιακών Συστημάτων. 
852 |a INST  |b SAMOS  |c DIATR  |e 20130620  |h 005.8 ΤΟΠ  |p 005300040254  |q 005300040254  |t DIE  |y 23 
852 |a INST  |b SAMOS  |c DIATR  |e 20130620  |h 005.8 ΤΟΠ  |p 005300040255  |q 005300040255  |t DIE  |y 23 
856 |u http://hdl.handle.net/11610/8688  
901 |a BIBL3-2013-2 
909 |a Σ  |b 178475 
909 |a Σ  |b 178476 
924 |a ΤΟΠΑ  |b ΙΩΑΝΝΑ ΑΙΚΑΤΕΡΙΝΗ  |y Σάμος  |z 2012-11 
970 |a ΚΟΣΙΕΡΗΣ  |b ΧΡΗΣΤΟΣ  |z 2012/06/18